000 00770nam a2200253Ia 4500
003 OSt
005 20220928111626.0
006 a|||||r|||| 00| 0
007 ta
008 220927b |||||||| |||| 00| 0 hin d
020 _c300
024 _a125411
037 _b4637, 14/10/2014, Rajkamal Prakashan Pvt.Ltd.
_cTextual
040 _aSDCL
_cSDCL
_bhin
041 _2hin
_ahin
082 _a0152,1N65x, Q4
100 _aShukla Shriprakash
_9424424
245 0 _aOrhan aur anya kavitayen
260 _aNew Delhi
_bRadhakrishnal Prakshan Pvt.Ltd
_c2014
300 _a9;160p
_ccm.
650 _aHindi
_9391598
942 _h0152,1N65x, Q4
_cTEXL
_2CC
999 _c741100
_d741100